التربية في البلاد العربية : (رقم التسجيلة. 14508)

تفاصيل مارك
000 -LEADER
fixed length control field 00628nam a22001937a 4500
005 - DATE AND TIME OF LATEST TRANSACTION
control field 20251108164807.0
008 - FIXED-LENGTH DATA ELEMENTS--GENERAL INFORMATION
fixed length control field 250721s1979 xx 000 0 ara d
082 14 - DEWEY DECIMAL CLASSIFICATION NUMBER
Classification number 370.956/عبد
100 1# - MAIN ENTRY--PERSONAL NAME
Personal name عبد الدايم، عبد الله
245 10 - TITLE STATEMENT
Title التربية في البلاد العربية :
Remainder of title حاضرها و مشكلاتها و مستقبلها /
250 ## - EDITION STATEMENT
Edition statement ط3.
264 1# - PRODUCTION, PUBLICATION, DISTRIBUTION, MANUFACTURE, AND COPYRIGHT NOTICE
Place of production, publication, distribution, manufacture بيروت :
Name of producer, publisher, distributor, manufacturer دار العلم للملايين،
Date of production, publication, distribution, manufacture, or copyright notice 1979.
300 ## - PHYSICAL DESCRIPTION
Extent 343ص
650 17 - SUBJECT ADDED ENTRY--TOPICAL TERM
Topical term or geographic name as entry element التربية
650 17 - SUBJECT ADDED ENTRY--TOPICAL TERM
Topical term or geographic name as entry element البلدان العربية
650 17 - SUBJECT ADDED ENTRY--TOPICAL TERM
Topical term or geographic name as entry element تاريخ التربية
942 ## - ADDED ENTRY ELEMENTS (KOHA)
Source of classification or shelving scheme Dewey Decimal Classification
Koha item type كتب
المقتنيات
حالة السحب حالة الفقدان مصدر التصنيف حالة التلف غير قابل للإعارة المكتبة الرئيسية المكتبة الحالية موقع الرف تاريخ التزويد الرقم المتسلسل Total Checkouts رقم الإستدعاء الباركود تاريخ آخر ظهور تاريخ الفاتورة نوع المادة (كوها)
    Dewey Decimal Classification     المكتبة المركزية المكتبة المركزية الإعارة 28/07/2025 1674588   370.956/عبد PLD00196402 28/07/2025 28/07/2025 كتب
    Dewey Decimal Classification     مكتبة أبو علندا العامة مكتبة أبو علندا العامة الإعارة 07/01/2018 1674589   370.956/عبد PLD00415486 28/07/2025 07/01/2018 كتب
    Dewey Decimal Classification     مكتبة الحسن العامة مكتبة الحسن العامة الإعارة 07/01/2018 1674592   370.956/عبد PLD00415489 28/07/2025 07/01/2018 كتب
    Dewey Decimal Classification     مكتبة حمزة العامة مكتبة حمزة العامة الإعارة 07/01/2018 1674590   370.956/عبد PLD00415487 28/07/2025 07/01/2018 كتب
    Dewey Decimal Classification     مكتبة صويلح العامة مكتبة صويلح العامة الإعارة 07/01/2018 1674591   370.956/عبد PLD00415488 28/07/2025 07/01/2018 كتب
Implemented & Customized by: BBB with SCIT (Smart Chains for Information Technology)

Powered by Koha